Documentos referentes al servicio de dementes pobres de la província
Descripción Física:
97 p. ; 22 cm
MARC
| LEADER | 00000nam a2200000Ia 4500 | ||
|---|---|---|---|
| 001 | 7976 | ||
| 008 | 160829s1911 xx 000 0 cat d | ||
| 080 | |a C-1-314 | ||
| 245 | |a Documentos referentes al servicio de dementes pobres de la província | ||
| 260 | |a Barcelona : |b Diputación Provincial de Barcelona, |c 1911 | ||
| 300 | |a 97 p. ; |c 22 cm | ||
| 590 | |a Exposició: Obrim l'Arxiu 2008 | ||
| 650 | 0 | |a Assistència psiquiàtrica |x Barcelona (Catalunya : Província) |9 21981 | |
| 650 | |a Hospitals psiquiàtrics |x Barcelona (Província) |9 20152 | ||
| 710 | 1 | |a Barcelona (Catalunya : Província). |b Diputació |9 52408 | |
| 901 | |a Arxiu | ||
| 942 | |n 1 | ||
| 952 | |0 0 |1 0 |4 0 |6 C1314 |7 1 |9 48303 |a Arxiu |b Arxiu |d 2016-12-01 |l 0 |o C-1-314 |p 7976 |r 2016-12-01 00:00:00 |w 2016-12-01 |y ARXIU | ||
| 999 | |c 52109 |d 52109 | ||